|
|
|
|
| LEADER |
01884nam a2200337 u 4500 |
| 001 |
10114294 |
| 003 |
upatras |
| 005 |
20210117205200.0 |
| 008 |
141010s2011 gr gre |
| 020 |
|
|
|a 9789602692400
|
| 040 |
|
|
|a GR-PaULI
|c GR-PaULI
|
| 041 |
0 |
|
|a gre
|h lat
|
| 082 |
0 |
4 |
|a 872
|
| 100 |
1 |
|
|9 26666
|a Seneca, Lucius Annaeus.,
|d 4 π.Χ.-65 μ.Χ.
|4 aut
|
| 245 |
1 |
0 |
|a Θυέστης
|c Σενέκα; εισαγωγή - μετάφραση - σημειώσεις Εφη Παπαδόδημα.
|
| 260 |
|
|
|a Αθήνα
|b Στιγμή
|c 2011
|
| 300 |
|
|
|a 189 σ.
|c 22 εκ.
|
| 490 |
0 |
|
|a Βιβλιοθήκη αρχαίων συγγραφέων
|v 55
|
| 500 |
|
|
|a Λατινικό κείμενο; μετάφραση στα Νέα Ελληνικά σε αντικριστές σελίδες.
|
| 504 |
|
|
|a Περιέχει βιβλιογραφία (σ.[177]-181) και ευρετήριο.
|
| 650 |
|
4 |
|a Θυέστης(Μυθολογία)
|9 141289
|
| 650 |
|
4 |
|a Λατινικό δράμα (τραγωδία)
|x Ερμηνεία και κριτική
|9 90925
|
| 700 |
1 |
|
|a Παπαδόδημα, Εφη
|4 trl
|4 aui
|9 141291
|
| 760 |
0 |
|
|a Βιβλιοθήκη αρχαίων συγγραφέων
|g 55
|
| 852 |
|
|
|a GR-PaULI
|b ΠΑΤΡΑ
|b ΘΕΑΤΡΟΛΟΓΙΑ
|k ΑΣΧΕ-3
|h 872 SEN ΠΑΠ
|m 013212
|p 025000137370
|t 1
|
| 852 |
|
|
|a GR-PaULI
|b ΠΑΤΡΑ
|b ΘΕΑΤΡΟΛΟΓΙΑ
|k ΑΣΧΕ-3
|h 872 SEN ΠΑΠ
|m 013211
|p 025000137371
|t 2
|
| 942 |
|
|
|2 ddc
|c BK15
|
| 952 |
|
|
|0 0
|1 0
|4 0
|6 872_000000000000000_SEN_ΠΑΠ
|7 0
|9 171048
|a THST
|b THST
|d 2016-04-24
|i 013212
|l 1
|o 872 SEN ΠΑΠ
|p 025000137370
|q 2025-08-19
|r 2025-02-20 12:10:41
|s 2025-02-20
|t 1
|w 2016-04-24
|y BK15
|
| 952 |
|
|
|0 0
|1 0
|4 0
|6 872_000000000000000_SEN_ΠΑΠ
|7 0
|9 171049
|a THST
|b THST
|d 2016-04-24
|i 013211
|l 1
|o 872 SEN ΠΑΠ
|p 025000137371
|r 2024-03-14 00:00:00
|s 2024-01-12
|t 2
|w 2016-04-24
|y BK15
|
| 998 |
|
|
|c ΜΑΝΙΑ
|d 2014-10
|
| 999 |
|
|
|c 107037
|d 107037
|